| 000 | 00840nas a2200289 4500 | ||
|---|---|---|---|
| 001 | BR2015001537 | ||
| 003 | BR-BrBNA | ||
| 005 | 20231205125112.0 | ||
| 007 | ta | ||
| 008 | 230509b bl.|||p| |||| 00| 00por d | ||
| 040 |
_aBR-BrBNA _bpor _cBiblioteca Nacional de Agricultura |
||
| 041 | _a(Pt) | ||
| 072 | _aP06 | ||
| 100 | 1 | _aTrzeciak, M.B. | |
| 100 | 1 | _aNeves, M.B. das | |
| 100 | 1 | _aVinholes, P. da S. | |
| 100 | 1 | _aVillela, F.A. | |
| 245 | 1 | _aUtilização de sementes de espécies oleaginosas para produção de biodiesel | |
| 650 | _aSEMENTE | ||
| 650 | _aENERGIA | ||
| 650 | _aÓLEO | ||
| 650 | _aBIOCOMBUSTÍVEL | ||
| 650 | _aPRODUÇÃO | ||
| 773 | 0 |
_tInformativo ABRATES (Brazil) _xISSN 0103-667X _g(Dec 2008), v. 18(1-3) p. 31-38 _wBR2015001537 |
|
| 909 |
_a202311 _bLúcia _c55 _dLúcia Elande |
||
| 942 |
_2AGRIS _n0 _cANA |
||
| 999 |
_c242644 _d242644 |
||